Les étapes de la peinture française contemporaine

Պահպանված է:
Մատենագիտական մանրամասներ
Հիմնական հեղինակ: Dorival, Bernard (Հեղինակ)
Ձևաչափ: Գիրք
Լեզու:ֆրանսերեն
Հրապարակվել է: París Gallimard 1946
Խորագրեր:
Ցուցիչներ: Ավելացրեք ցուցիչ
Չկան պիտակներ, Եղեք առաջինը, ով նշում է այս գրառումը!

MARC

LEADER 00000nam a2200000 a 4500
001 UCP8691
003 CL-VaPUC
008 000310e19460000FR |||||||||||||||||fre|d
082 0 4 |a 759.4  |b DOR  |2 21 
100 0 |a Dorival, Bernard  |e author  |9 438818 
245 1 4 |a Les étapes de la peinture française contemporaine 
300 |a v 
942 |c BK 
945 |d 20000310 00:00:00  |a crobeson 
260 |a París  |b Gallimard  |c 1946 
500 |a v.2: Le fauvisme et le cubisme, 1905-1911 
500 |a v.3: Depuis le cubisme, 1911-1944 
650 0 |a Pintura francesa  |9 266122 
650 0 |a Historia del arte  |9 314877 
650 7 |a IMPRESIONISMO  |2 CL-VaPUC  |9 324638 
650 7 |a FAUVISMO  |2 CL-VaPUC  |9 266165 
650 0 |a Cubismo  |9 265275 
583 |a last modification  |c 20000310 00:00:00  |k Rodrigo Vera 
999 |c 285582  |d 285580 
952 |0 0  |1 0  |4 0  |6 759_400000000000000_DOR_1946  |7 0  |8 X  |9 330293  |a BIBHIS  |b BIBHIS  |d 2019-11-20  |h v.3  |i 1391194  |o 759.4 DOR 1946  |p 1391194  |r 2024-01-30  |w 2019-11-20  |y BK_X  |k HIS 
952 |0 0  |1 0  |4 0  |6 759_400000000000000_DOR_1946  |7 0  |8 X  |9 330294  |a BIBHIS  |b BIBHIS  |d 2019-11-20  |h v.3  |i 1391208  |o 759.4 DOR 1946  |p 1391208  |r 2024-01-30  |w 2019-11-20  |y BK_X  |k HIS 
952 |0 0  |1 0  |4 0  |6 759_400000000000000_DOR_1946  |7 0  |8 X  |9 330295  |a BIBHIS  |b BIBHIS  |d 2019-11-20  |h v.2  |i 1391216  |o 759.4 DOR 1946  |p 1391216  |r 2024-01-30  |w 2019-11-20  |y BK_X  |k HIS 
952 |0 0  |1 0  |4 0  |6 759_400000000000000_DOR_1946  |7 0  |8 X  |9 330296  |a BIBHIS  |b BIBHIS  |d 2019-11-20  |h v.2  |i 1391224  |o 759.4 DOR 1946  |p 1391224  |r 2024-01-30  |w 2019-11-20  |y BK_X  |k HIS